000 00219nam a22000857a 4500
008 161117b xxu||||| |||| 00| 0 eng d
100 _91276
_aKundu. A
245 _aAnimal world
260 _aNew delhi
_bNational book trust
_c2006
999 _c3980
_d3980